Inovácie, zamestnanosť a globálna ekonomická kríza bakalárska práca

Na minha lista:
Detalhes bibliográficos
Autor principal: Krutá, Kristína
Autor Corporativo: Národohospodárska fakulta EU. Katedra bankovníctva a medzinárodných financií
Outros Autores: Ivanová, Pavlína
Formato: Livro
Idioma:eslovaco
Publicado em: Bratislava 2013
Tags: Adicionar Tag
Sem tags, seja o primeiro a adicionar uma tag!

MARC

LEADER 00000nbm a2200000 4500
001 0172575
005 20161109112101.8
041 0 |a slo 
044 |a SK 
245 1 0 |a Inovácie, zamestnanosť a globálna ekonomická kríza  |b bakalárska práca  |c Kristína Krutá ; školiteľ: Pavlína Ivanová 
264 1 |a Bratislava  |c 2013 
300 |a 44 s. 
100 1 |a Krutá, Kristína 
700 1 |a Ivanová, Pavlína 
710 2 |a Národohospodárska fakulta EU. Katedra bankovníctva a medzinárodných financií